Život s kriminalitou K minireferendu STV a Slobodného piatka o tom, či poznáme možnosti ochrany nášho majetku

Bibliographic Details
Main Author: Liptáková, Gabriela (Author)
Format: Article
Language:Slovak
Subjects:

MARC

LEADER 00000nab a2200000 a 4500
001 vtls000512496
003 SK-MaSNL
005 20260303003802.0
008 120927c1994 xo 0 slo
015 |a SNBRB19rr/mm-uuuuu 
035 |a CL0512634 
040 |a SNKBUCL  |b slo  |c SNKBUCL  |e AACR2 
041 0 |a slo 
044 |a xo  |c SK 
080 |a 343.974:351.759.5  |2 1981 
080 |a 351.759.5  |2 1981 
100 1 |a Liptáková, Gabriela  |4 aut  |9 8423 
245 1 0 |a Život s kriminalitou  |b K minireferendu STV a Slobodného piatka o tom, či poznáme možnosti ochrany nášho majetku  |c Gabriela Liptáková 
300 |b Fotogr. 1 
650 0 7 |a kriminalita  |2 snkbucl  |9 2180 
650 0 7 |a ochrana majetku  |2 snkbucl  |9 3724 
655 7 |a články z novín a časopisov  |2 snkbucl  |9 267496 
773 0 |t Slobodný piatok  |g Roč. 5, č. 9 (1994), s. 7 
850 |a Slovenská národná knižnica v Martine  |a MTA001 
852 |a SNK  |b KIS3GCP 
958 |a RK 
992 |a RBX 
999 |c 1574449  |d 1576379